Lulio y Bruno: ensayos reunidos
Saved in:
| Hovedforfatter: | |
|---|---|
| Format: | Bog |
| Sprog: | spansk |
| Udgivet: |
Ciudad de México
Fondo de Cultura Económica
1990
|
| Udgivelse: | 1a. ed |
| Serier: | Colección Popular, 438
|
| Fag: | |
| Tags: |
Tilføj Tag
Ingen Tags, Vær først til at tagge denne postø!
|
MARC
| LEADER | 00000cam a2200000 a 4500 | ||
|---|---|---|---|
| 001 | UCG2627 | ||
| 003 | CL-VaPUC | ||
| 005 | 20211210074341.0 | ||
| 008 | 100715e19900000mx |||||||||||||||||spa|d | ||
| 999 | |c 341757 |d 341755 | ||
| 020 | |a 9681633970 | ||
| 040 | |c Pontificia Universidad Católica de Valparaíso | ||
| 082 | 0 | 4 | |a 145 |b YAT |2 21 |
| 100 | 0 | |a Yates, Frances A |e author |9 551124 | |
| 245 | 1 | 0 | |a Lulio y Bruno: ensayos reunidos |
| 250 | |a 1a. ed | ||
| 260 | |a Ciudad de México |b Fondo de Cultura Económica |c 1990 | ||
| 300 | |a v | ||
| 490 | 0 | |a Colección Popular, 438 | |
| 583 | |a last modification |c 20140806 11:07:22 |k Rodrigo Vera | ||
| 600 | 0 | |a Llull, Ramón, |d 1232-1316 |9 861252 | |
| 600 | 0 | 7 | |a GIORDANO BRUNO |9 551126 |
| 650 | 0 | |a Crítica e interpretación |9 255042 | |
| 650 | 0 | |a Renacimiento |9 255107 | |
| 942 | |c BK |2 ddc | ||
| 945 | |d 20100715 00:00:00 |a mfarfan | ||
| 952 | |0 0 |1 0 |4 0 |6 145_000000000000000_YAT_1990 |7 0 |8 A |9 437461 |a BIBHIS |b BIBHIS |d 2019-11-22 |h v.1 |i 4689011 |o 145 YAT 1990 |p 4689011 |r 2025-01-20 |w 2019-11-22 |y BK |k HIS | ||
| 952 | |0 0 |1 0 |3 erb |4 0 |6 145_000000000000000_YAT_1990 |7 0 |8 A |9 437462 |a BIBART |b BIBART |h v.1 |i 5114780 |o 145 YAT 1990 |p 5114780 |r 2025-03-13 |w 2019-11-22 |y BK |z Catalogado en:20140925 |k ART | ||